Statistics for Sardinia Region Quiz

Click here to take the quiz!

General Stats

  • This quiz has been taken 150 times
  • The average score is 9 of 14

Answer Stats

HintAnswer% Correct
Major island that lies a few kilometers to the NorthCorsica
96%
Capital and largest cityCagliari
95%
Sardinia is the second largest island of the Mediterranean Sea. Which is the largest?Sicily
94%
Italian nameSardegna
86%
A dialect of this Spanish language is spoken in AlgheroCatalan
73%
Foreign country that is closer to Sardinia than the Italian mainlandTunisia
72%
Second largest citySassari
69%
This Greek legendary hero established a colony on Sardinia after finishing his Twelve LaborsHeracles
66%
A natural rock formation known locally as "l'orso" has a striking resemblance to this animalBear
54%
Sardinia and this Japanese island have the world's highest rate of people over the age of 100Okinawa
54%
Comune and archipelago of 62 islands to the NorthLa Maddalena
41%
Mentioned rock can be found in this comune, which shares its name with a Pacific island countryPalau
41%
Word meaning scornfully joking, acerbic that may be derived from SardiniaSardonic
33%
Marxist theorist, imprisoned by Fascists, who developed the concept of cultural hegemonyAntonio Gramsci
25%

Score Distribution

Percentile by Number Answered

Percent of People with Each Score

Your Score History

You have not taken this quiz